000
00237nam a22001097a 4500
082
_a
808.3 CHE'Y
100
_a
CHENEY, PETA
_9
57806
245
_a
YOU CAN CALL IT A DAY
260
_a
LONDON
_b
COLLINS
_c
1949
300
_a
191P
942
_c
BK
999
_c
568059
_d
568059